| 000 | 00419cam a22001217a 4500 | ||
|---|---|---|---|
| 008 | 180718b xxu||||| |||| 00| 0 eng d | ||
| 082 | _aJ7mtx54 In2 | ||
| 245 |
_aSummary of the bombay metropolitan regional plan _cby Indian Institute of Architects |
||
| 260 |
_aBombay _bIndian Institute of Architects _c |
||
| 300 | _a41p. | ||
| 650 | _aMetropolitan Planning - india - Bombay | ||
| 700 | _aIndia.Indian Institute of Architects | ||
| 999 |
_c416685 _d416685 |
||